Electronic devices and circuits/ (Record no. 2212)

000 -LEADER
fixed length control field 00360nam a22001337a 4500
008 - FIXED-LENGTH DATA ELEMENTS--GENERAL INFORMATION
fixed length control field 200217b ||||| |||| 00| 0 eng d
100 ## - MAIN ENTRY--PERSONAL NAME
9 (RLIN) 1799
Personal name Salivahanan, S.
245 10 - TITLE STATEMENT
Title Electronic devices and circuits/
250 ## - EDITION STATEMENT
Edition statement 2nd ed.
260 ## - PUBLICATION, DISTRIBUTION, ETC. (IMPRINT)
Place of publication, distribution, etc New-Delhi
Name of publisher, distributor, etc Tata McGraw Hill
Date of publication, distribution, etc 2007
300 ## - PHYSICAL DESCRIPTION
Extent xiii,946p.
650 #0 - SUBJECT ADDED ENTRY--TOPICAL TERM
Topical term or geographic name as entry element Electronics
942 ## - ADDED ENTRY ELEMENTS (KOHA)
Item type Books
Holdings
Withdrawn status Lost status Source of classification or shelving scheme Damaged status Not for loan Permanent location Current location Date acquired Source of acquisition Cost, normal purchase price Full call number Barcode Date last seen Cost, replacement price Koha item type
Withdrawn         IMU Kolkata IMU Kolkata 2008-02-24 B. Bross & Co. 260.00 621.34 S1677 09989 2020-02-17 260.00 Books
Designed and Maintained by IMU-KC Library, Kolkata Campus © Copyright All Rights Reserved

webs counters

Powered by Koha